Science Quiz

Random Science Quiz

Leptons Quiz Stats

 Plays Quiz not verified by Sporcle

Challenge
Share
Tweet
Embed
Score 0/6 Timer 01:00
0 Plays Today
Leptons % Correct
Electron
93.4%
Tau
93.4%
Muon
83.6%
Electron Neutrino
70.5%
Muon Neutrino
67.2%
Tau Neutrino
67.2%

You're not logged in!

Compare scores with friends on all Sporcle quizzes.
OR
Log In

You Might Also Like...

Show Comments

Extras

Created Jan 15, 2012ReportNominate
Tags:different, lepton

Top Quizzes Today


Score Distribution

Your Account Isn't Verified!

In order to create a playlist on Sporcle, you need to verify the email address you used during registration. Go to your Sporcle Settings to finish the process.

Report this User

Report this user for behavior that violates our Community Guidelines.

Details: